[Event "25th Zadar Open 2018"]
[Site "Zadar"]
[Date "2018.12.16"]
[Round "2.27"]
[White "Muha, Miljenko"]
[Black "Jeet, Jain"]
[Result "1-0"]
[WhiteElo "2334"]
[BlackElo "2212"]
[Annotator "NA"]
[PlyCount "81"]
[EventDate "2018.12.15"]
[EventType "swiss"]
[EventCountry "CRO"]
[SourceTitle "playchess.com"]
[Source "ChessBase"]
[SourceQuality "1"]
[TimeControl "40/5400+30:1800+30"]

1. Nf3 {[%emt 0:00:30]} d5 {[%emt 0:00:30]} 2. d4 {[%emt 0:00:00]} Nf6 {[%emt 0:00:30]} 3. c4 {[%emt 0:00:00]} e6 {[%emt 0:00:30]} 4. e3 {[%emt 0:00:30]} b6 {[%emt 0:00:30]} 5. b3 {[%emt 0:01:30]} Bb7 {[%emt 0:00:30]} 6. Bd3 {[%emt 0:04:30]} Nbd7 {[%emt 0:00:30]} 7. O-O {[%emt 0:07:30]} Be7 {[%emt 0:00:00]} 8. Bb2 {[%emt 0:00:30]} O-O {[%emt 0:00:00]} 9. Nbd2 {[%emt 0:00:30]} c5 {[%emt 0:02:30]} 10. Rc1 {[%emt 0:09:30]} Ne4 {[%emt 0:00:30]} 11. cxd5 {[%emt 0:02:30]} exd5 {[%emt 0:01:30]} 12. Qe2 {[%emt 0:09:30] LiveBook: 3 Games} a6 {[%emt 0:05:30]} 13. Rfd1 {[%emt 0:02:30]} f5 $11 {[%emt 0:04:30]} 14. dxc5 {[%emt 0:07:30]} bxc5 {[%emt 0:01:30]} 15. Nxe4 {[%emt 0:12:30]} fxe4 {[%emt 0:19:30]} 16. Bxe4 {[%emt 0:01:30]} dxe4 {[%emt 0:20:30]} 17. Ne5 {[%emt 0:00:30]} Bc8 {[%emt 0:15:30]} 18. Qc4+ {[%emt 0:00:30]} Kh8 {[%emt 0:00:00]} 19. Qxe4 {[%emt 0:02:30]} Qe8 {[%emt 0:11:25]} 20. Qxa8 {[%emt 0:01:30]} Nxe5 {[%emt 0:00:19]} 21. Bxe5 {[%emt 0:01:30]} Qg6 {[%emt 0:00:39]} 22. Qd5 {[%emt 0:02:30]} Bg4 {[%emt 0:00:31]} 23. Bg3 {[%emt 0:01:30]} h5 {[%emt 0:00:35]} 24. f3 {[%emt 0:04:30]} Bf5 {[%emt 0:00:09]} 25. Qe5 {[%emt 0:02:30]} Re8 {[%emt 0:02:01]} 26. Rd5 {[%emt 0:04:30]} Bg5 {[%emt 0:04:18]} 27. Qxf5 {[%emt 0:00:30]} Bxe3+ {[%emt 0:00:10]} 28. Kh1 {[%emt 0:00:30]} Qxf5 {[%emt 0:02:06]} 29. Rxf5 {[%emt 0:00:30]} Bxc1 {[%emt 0:00:06]} 30. Rxh5+ {[%emt 0:00:00]} Bh6 {[%emt 0:00:24]} 31. Rxc5 {[%emt 0:02:08]} Rd8 {[%emt 0:02:23]} 32. h4 {[%emt 0:00:30]} Bd2 {[%emt 0:00:10]} 33. Rc6 {[%emt 0:01:05]} Ra8 {[%emt 0:00:09]} 34. Be5 {[%emt 0:01:05]} Kh7 {[%emt 0:01:03]} 35. Rc7 {[%emt 0:01:14]} Rg8 {[%emt 0:00:40]} 36. g4 {[%emt 0:00:17]} a5 {[%emt 0:00:13]} 37. f4 {[%emt 0:00:37]} Kh6 {[%emt 0:00:54]} 38. Kg2 {[%emt 0:00:24]} Be1 {[%emt 0:00:51]} 39. Kh3 {[%emt 0:01:35]} a4 {[%emt 0:00:16]} 40. bxa4 {[%emt 0:00:00]} g6 {[%emt 0:00:00]} 41. g5+ {[%emt 0:01:05]} 1-0

[Event "25th Zadar Open 2018"]
[Site "Zadar"]
[Date "2018.12.16"]
[Round "3.1"]
[White "Petrov, Nikita"]
[Black "Omelja, Artem"]
[Result "0-1"]
[WhiteElo "2593"]
[BlackElo "2457"]
[Annotator "TA"]
[PlyCount "170"]
[EventDate "2018.12.15"]
[EventType "swiss"]
[EventCountry "CRO"]
[SourceTitle "playchess.com"]
[Source "ChessBase"]
[SourceQuality "1"]

{[%evp 15,170,17,32,0,-4,-15,-14,-10,-19,-11,-14,-14,-14,-18,-25,-21,-20,-23,-28,-27,0,0,40,0,0,0,0,0,-20,-57,-59,-102,0,0,0,-21,-16,-64,-71,-147,-11,-14,-14,-13,-8,-14,-7,-77,-81,-156,-147,-520,-9,-9,-8,-92,-89,-244,-223,-293,-321,-395,0,0,0,-800,0,0,27,22,0,0,0,-382,-397,-397,-356,-335,-384,-345,-365,-400,-350,-391,-331,-404,-402,-516,-516,-471,-506,-497,-111,-276,-169,-336,0,-466,-451,-1103,-81,-74,-70,-70,-37,-37,-43,-106,-106,-281,-306,-1160,-1149,-3454,-3329,-29962,-29961,-29970,-1164,-29975,-29975,-29964,-29961,-29976,-29971,-29968,-29970,-29967,-29973,-29975,-1393,-29977,-29978,-29979,-29965,-29975,-29976,-29976,-29977,-29977,-29978,-29978,-29979,-29979,-29980,-29980,-29981,-29983,-29984,-29985,-29984,-29988,-29988,-29990,-29991,-29991,-29992]} 1. e4 e5 2. Bc4 Nf6 3. d3 c6 4. Nf3 d5 5. Bb3 a5 6. a4 {C24: Bishop's Opening: 2...Nf6} Bb4+ 7. c3 Bd6 8. exd5 cxd5 {LiveBook: 14 Games} 9. Na3 h6 $146 ({Predecessor:} 9... Nc6 10. Nb5 Bb8 11. Bg5 Be6 12. O-O h6 13. Bh4 O-O {0-1 (61) Onischuk,V (2608)-Motylev,A (2665) Minsk 2017}) 10. Nb5 Nc6 11. Nxd6+ Qxd6 12. h3 O-O 13. O-O Be6 14. d4 e4 15. Ne1 Nd7 16. Nc2 f5 17. f4 exf3 ({Black should play} 17... Nb6 $11) 18. Qxf3 $14 {Hoping for Bf4.} Nf6 19. Na3 Ne4 20. Nb5 Qd7 21. Bc2 g5 22. b3 Rf6 $1 23. Re1 Bf7 (23... f4 $1 $17 24. Ra2 Re8) 24. Ba3 $11 Re8 25. Rad1 Kg7 26. c4 Nb4 $36 {[%mdl 2048] Black is in control.} 27. Bb1 (27. Bxe4 $142 fxe4 {[%mdl 64] Discovered Attack} 28. Qg3) 27... Nd2 (27... g4 $17 28. Qf4 gxh3) 28. Qc3 Rxe1+ 29. Rxe1 Nxb1 30. Rxb1 Nc6 31. cxd5 (31. Rf1 $11) 31... Bxd5 $17 32. Qc5 (32. Qg3 $142) 32... f4 33. Nc3 $2 {[%mdl 8192] [#]} (33. Rf1 $17 {was the crucial defense.}) 33... Rf5 $2 ({Black should try} 33... Bxg2 $1 $19 {[%mdl 512]} 34. Kxg2 f3+ 35. Kg3 (35. Kh2 $2 Qc7+ 36. Qd6 Rxd6 $19) 35... Qc7+ 36. Kf2 Qf4) 34. Nxd5 $11 Rxd5 35. Qf8+ (35. Qc2 $1 $11 {remains equal.}) 35... Kg6 $17 36. Qg8+ $2 (36. Bc5 $17) 36... Kh5 $19 37. Re1 Nxd4 38. Bb2 {[#] aiming for Bxd4.} Nf5 $2 (38... Ne2+ $1 $19 {[%mdl 512]} 39. Rxe2 Rd1+ 40. Kf2 (40. Kh2 Qd3 41. Qf7+ Kh4 42. Qxf4+ gxf4 43. Bf6+ Kh5 44. Re5+ Kg6 45. Bh4 Qf1 46. Be1 Rxe1 47. Rxe1 Qxe1 48. b4 Kh5 49. h4 Kxh4 50. b5 Qf2 51. b6 f3 52. Kh1 Qxg2#) 40... Qd3 41. Qe8+ Kh4) 39. Re6 $11 Kh4 40. Kh2 $2 {[%mdl 8192]} (40. Bc3 $11 Rd6 41. Be1+ Ng3 42. Re5 (42. Rxd6 Qxd6 43. Qc8 Qd1 $11)) 40... Rd2 $2 (40... Rd3 $19 {( -> ...Rxh3+!)} 41. Qe8 Qd5) 41. Bc3 Rd6 42. Be1+ Ng3 43. Re5 Kh5 44. Bxg3 $4 {[%mdl 8192]} (44. Qf8 $11 {and White stays safe.} Nf1+ 45. Kg1) 44... fxg3+ $19 45. Kxg3 $11 {[%mdl 4096] Endgame KQR-KQR} Rd3+ 46. Kh2 {[#]} Rxh3+ $1 {[%mdl 512]} 47. gxh3 Qd2+ 48. Kg3 {[%cal Rg8f7]} ({Don't blunder} 48. Kh1 $2 Qc1+ 49. Kh2 Qb2+ 50. Kh1 Qxe5 $19) 48... Qc3+ {[%mdl 64] Double Attack} 49. Kg2 Qb2+ ({And not} 49... Qxe5 50. Qf7+ Kh4 51. Qf2+ Kh5 52. Qf7+ Kh4 53. Qf2+ Kh5 54. Qf7+ $11) 50. Kf3 {Rxg5+! would kill now.} Qxe5 $19 {KQ-KQ} 51. Qf7+ Kh4 52. Qxb7 Qg3+ 53. Ke2 Qh2+ $2 (53... Kxh3 $19 {And now ...g4 would win.} 54. Qa6 Qe5+ 55. Kd1 Qd5+ 56. Kc1 g4 57. Qxh6+ Kg2) 54. Ke1 $2 (54. Kd1 $17) 54... Qe5+ ({Much less strong is} 54... Kxh3 55. Qb5 $17) 55. Kf2 $2 (55. Kd2) 55... Qg3+ 56. Ke2 Kxh3 57. Qh1+ (57. b4 $142 Qe5+ 58. Kf2 Qd4+ 59. Ke2 Qc4+ 60. Ke3 Qc3+ 61. Ke2 Qc4+ 62. Kf2 Qf4+ 63. Ke2 Qc4+) 57... Kg4 $2 (57... Qh2+ $19 58. Qxh2+ Kxh2) 58. Qxh6 $17 Qf3+ 59. Kd2 $1 Qxb3 {White must now prevent ...Qb4+.} 60. Qc6 Qb4+ 61. Kd3 (61. Ke2 $15) 61... Qe1 62. Qc4+ $2 {[#]} (62. Qf6 $17 {keeps fighting.}) 62... Kh3 $1 $19 {...Qf1+ is the strong threat.} 63. Kc2 $2 (63. Qb5 g4 64. Qh5+ Qh4 65. Qf5) 63... g4 {[%cal Bg5g4,Bg4g3,Bg3g2][%mdl 32]} 64. Qd3+ g3 65. Qd7+ Kh2 66. Qg4 Qf2+ (66... g2 $142 67. Qh5+ Kg3 68. Qg5+ Kf2 69. Qf5+ Kg1 70. Qd3 Qf2+ 71. Kb3 Qh4 72. Ka2 Qxa4+ 73. Kb1 Qf4 74. Qc2 Qb8+ 75. Ka2 Qe5 76. Qh7 Kf1 77. Qf7+ Ke2 78. Qc4+ Ke1 79. Qh4+ Kf1 80. Qh3 Kf2 81. Qh4+ Qg3 82. Qd4+ Qe3 83. Qf6+ Ke1 84. Qh4+ Qf2+ 85. Qxf2+ Kxf2 86. Kb3 g1=Q 87. Kc4 Qg5 88. Kd4 Qb5 89. Ke4 a4 90. Kd4 a3 91. Ke4 a2 92. Kf4 a1=Q 93. Kg4 Qh8 94. Kf4 Qh4#) 67. Kb3 Qe3+ 68. Kc4 g2 69. Qh4+ Qh3 70. Qf4+ Kh1 71. Qe4 Qh5 72. Kb3 Qf7+ (72... Qh6 $142 73. Kb2 Qd2+ 74. Ka1 Qc3+ 75. Ka2 Kg1 76. Qf5 Qe3 77. Qb1+ Kf2 78. Qf5+ Qf3 79. Qc5+ Kf1 80. Qc1+ Ke2 81. Qc2+ Ke1 82. Qb1+ Qd1 83. Qg6 Qxa4+ 84. Kb1 Qb4+ 85. Kc2 Qc4+ 86. Kb1 Qf1 87. Ka2 g1=Q 88. Qb1+ Kf2 89. Qf5+ Kg2 90. Qg6+ Kh1 91. Qh5+ Qh2+ 92. Qxh2+ Kxh2 93. Kb3 Qd3+ 94. Ka4 Qd5 95. Ka3 Qb7 96. Ka2 a4 97. Ka1 a3 98. Ka2 Qb2#) 73. Kb2 Qf6+ {Black mates.} 74. Ka2 Qg5 75. Kb3 Kh2 76. Qh7+ {[#]} Kg3 $1 77. Qd3+ Kg4 78. Qd7+ Qf5 79. Qg7+ Kf3 80. Qc3+ Kf4 81. Qd4+ Qe4 82. Qf6+ Ke3 83. Qg5+ Ke2 84. Kb2 Qd4+ 85. Kc2 Qd3+ {Accuracy: White = 25%, Black = 61%.} 0-1

[Event "25th Zadar Open 2018"]
[Site "Zadar"]
[Date "2018.12.16"]
[Round "3.2"]
[White "Brkic, Ante"]
[Black "Rakesh Kumar Jena"]
[Result "1-0"]
[WhiteElo "2563"]
[BlackElo "2398"]
[Annotator "TA"]
[PlyCount "73"]
[EventDate "2018.12.15"]
[EventType "swiss"]
[EventCountry "CRO"]
[SourceTitle "playchess.com"]
[Source "ChessBase"]
[SourceQuality "1"]

{[%evp 18,73,30,0,43,39,47,-2,38,11,25,12,10,17,27,25,18,12,33,32,28,27,30,27,27,30,12,8,10,10,15,14,19,0,29,37,60,65,120,114,122,112,140,99,134,134,152,147,162,155,185,177,383,384,376,371,1215,1215]} 1. e4 c5 2. Nf3 d6 3. d4 cxd4 4. Qxd4 a6 5. h3 Nc6 6. Qe3 {B53: Sicilian: 2...d6: Lines with Qxd4} Nf6 7. c4 g6 8. Be2 Bg7 9. O-O O-O 10. Rd1 {LiveBook: 28 Games} Be6 11. Nc3 Nd7 12. Bd2 Nde5 13. Nxe5 $146 ({Predecessor:} 13. b3 Nxf3+ 14. Bxf3 {½-½ (61) Ponomariov,R (2709)-Kasimdzhanov,R (2691) Tashkent 2016}) 13... dxe5 14. Rac1 Nd4 15. Bf1 Rc8 16. Nd5 Bxd5 17. exd5 Qd6 18. Bc3 e6 19. dxe6 Qxe6 20. Bxd4 exd4 21. Qxe6 fxe6 22. b4 {[#]} a5 $1 {[%mdl 512]} 23. a3 (23. bxa5 Rc5) 23... axb4 24. axb4 Ra8 25. c5 Kf7 26. Bd3 Rfc8 27. Ra1 Rxa1 (27... Ke7 $14) 28. Rxa1 $14 {[%mdl 4096] Endgame KRB-KRB} Bh6 29. Ra7 Rc7 30. Be4 d3 31. Bxd3 Bd2 32. b5 {[%cal Bb4b5,Bb5b6][%mdl 32]} Rxc5 33. Rxb7+ Kg8 34. b6 {And now Re7 would win.} Rc6 $2 {[#]} (34... Ba5 {keeps fighting.} 35. Rb8+ Kg7) 35. g3 $18 Bb4 36. Be4 Rc4 $2 (36... Rc8 37. Rc7 Rd8) 37. Rc7 {Accuracy: White = 79%, Black = 30%.} 1-0

[Event "25th Zadar Open 2018"]
[Site "Zadar"]
[Date "2018.12.16"]
[Round "3.3"]
[White "Loiseau, Quentin"]
[Black "Saric, Ibro"]
[Result "1/2-1/2"]
[WhiteElo "2443"]
[BlackElo "2559"]
[Annotator "TA"]
[PlyCount "65"]
[EventDate "2018.12.15"]
[EventType "swiss"]
[EventCountry "CRO"]
[SourceTitle "playchess.com"]
[Source "ChessBase"]
[SourceQuality "1"]

{[%evp 25,65,42,47,18,36,36,25,-2,23,29,17,27,21,2,4,4,3,0,0,8,14,0,0,-7,0,0,0,0,0,0,0,0,24,0,47,0,12,0,19,0,4,0]} 1. d4 Nf6 2. c4 e6 3. Nf3 Bb4+ 4. Nbd2 O-O 5. a3 Bxd2+ 6. Qxd2 b6 7. e3 Bb7 8. Be2 d6 9. O-O Nbd7 10. b3 Ne4 11. Qc2 f5 12. Bb2 c5 {E14: Queen's Indian: Classical Variation (4 e3)} (12... Ng5 13. Ne1 Qe7 14. f3 Rae8 15. Nd3 e5 16. dxe5 dxe5 17. Nb4 f4 18. Nd5 Bxd5 19. cxd5 fxe3 20. Bc4 {1-0 (32) Murdzia,P (2471)-Petrik,T (2534) Czechia 2012}) 13. Rad1 Qe7 {LiveBook: 3 Games} 14. d5 $146 ({Predecessor:} 14. Ne1 Qg5 15. Bc1 Qe7 16. f3 Nef6 17. Bb2 Rac8 18. Nd3 e5 19. dxe5 dxe5 {0-1 (66) Ratkovic,M (2376)-Vlahovic,B (2323) Kac 2014}) 14... exd5 15. cxd5 a6 16. b4 Rab8 17. Nd2 Nxd2 18. Qxd2 b5 19. bxc5 Nxc5 20. Qd4 Rbc8 21. Rfe1 Na4 22. Ba1 Rc5 23. Bf3 Rc4 24. Qd3 Qf7 25. Qd2 Nc5 26. Qb2 Rc8 27. Bh5 Qd7 (27... Qe7 {feels hotter.} 28. Be2 Ra4 29. Rc1 Re8 30. Rcd1 Rf8) 28. Be2 Na4 29. Qb3 R4c5 30. Bf3 (30. e4 $5) 30... Rc4 {The position is equal.} 31. Be2 R4c7 32. Bf3 Rc4 33. Be2 {Accuracy: White = 50%, Black = 62%.} 1/2-1/2

[Event "25th Zadar Open 2018"]
[Site "Zadar"]
[Date "2018.12.16"]
[Round "3.4"]
[White "Livaic, Leon"]
[Black "Nielsen, Rogvi Egilstoft"]
[Result "1-0"]
[WhiteElo "2474"]
[BlackElo "2339"]
[Annotator "TA"]
[PlyCount "171"]
[EventDate "2018.12.15"]
[EventType "swiss"]
[EventCountry "CRO"]
[SourceTitle "playchess.com"]
[Source "ChessBase"]
[SourceQuality "1"]

{[%evp 12,171,52,46,132,30,56,57,57,52,66,12,71,70,60,58,78,35,45,38,59,70,60,72,90,32,31,35,48,28,22,6,77,74,112,106,131,120,138,91,86,91,189,176,179,175,183,181,183,179,178,181,172,178,166,129,143,143,143,151,136,114,138,132,120,123,123,123,121,118,158,161,157,150,161,161,152,157,196,145,192,170,229,177,164,198,182,76,76,68,68,68,68,68,68,68,118,117,118,81,118,117,128,125,135,128,128,0,128,125,128,125,128,93,135,128,128,128,128,125,128,125,125,125,125,0,125,117,876,836,29974,29975,29975,29976,29976,29977,29977,29978,29978,29979,29979,29980,29980,29981,29980,29982,29982,29983,29983,29984,29984,29985,29985,29986,29988,29989,29989,29990,29990,29987,29987,29988]} 1. d4 e6 2. c4 Bb4+ 3. Bd2 a5 4. Nf3 f5 5. g3 Nf6 6. Bg2 O-O {A90: Dutch Defence: Miscellaneous and Modern Stonewall (with ...Bd6)} (6... b6 7. Ne5 Ra7 8. Nc3 Bb7 9. d5 O-O 10. O-O Bxc3 11. Bxc3 d6 12. Nd3 e5 13. f4 e4 14. Ne1 {1-0 (75) Navara,D (2734)-Ivanchuk,V (2710) Huaian 2016}) 7. O-O {LiveBook: 13 Games} Qe8 {[#]} (7... d5 $14) 8. a3 (8. Bf4 $1 $16) 8... Be7 $146 {White has an edge.} ({Predecessor:} 8... Bxd2 9. Nbxd2 d6 10. Re1 Ne4 11. Qc2 Nxd2 12. Nxd2 e5 13. c5 Nc6 14. Qc4+ {1-0 (30) Timme,K-Just,G Eilenburg 1984}) 9. Nc3 d6 10. Qc2 Qg6 11. Bg5 ({White should play} 11. Nb5 $14 Ne8 12. b4) 11... c6 (11... e5 $11 {remains equal.}) 12. e4 $16 {aiming for e5.} e5 13. dxe5 dxe5 {[%cal Rf5e4]} 14. exf5 Bxf5 15. Qd2 {And now Nh4 would win.} Qh5 16. Nxe5 Ng4 17. Nxg4 Bxg5 18. Ne3 (18. f4 $16 Be7 19. Rae1 Bc5+ 20. Ne3) 18... Rd8 $14 19. Qc1 Bd3 20. Rd1 Na6 $1 {[%cal Ra6c5] With the idea ...Nc5.} 21. Na4 Be2 (21... Bg6 $1 $11) 22. Re1 $36 {[%mdl 2048] White is in control.} Kh8 23. Qc2 Bf3 24. Bxf3 Qxf3 25. Qf5 Qxf5 26. Nxf5 Rd2 {[#]} (26... Kg8 $16) 27. Rad1 $1 $18 Rxd1 28. Rxd1 b5 29. cxb5 cxb5 30. Nc3 Bf6 31. Nxb5 Bxb2 32. Rd2 Be5 33. Rd7 Bb2 34. Nfd6 Nc5 35. Rc7 Ne6 36. Re7 Nc5 37. Nc4 Bf6 38. Rc7 Ne6 39. Rc6 Nd8 40. Rb6 Kg8 41. a4 Nf7 42. Kg2 Be7 43. Rb7 Bb4 44. Nd4 Rc8 45. Ne3 ({Better is} 45. Nb6 $18 Rf8 46. Nd5) 45... Re8 46. Nc6 Bc5 (46... Nd6 $142 47. Rd7 Ne4 48. Nxb4 axb4) 47. Nc4 Nd6 48. Nxd6 ({Not} 48. N6xa5 Nxb7 49. Nxb7 Ba7 $17) 48... Bxd6 49. Nxa5 {[%mdl 4096] Endgame KRB-KRN} (49. Ra7 $18 {is more deadly.}) 49... Re4 $16 50. Nc6 {Black must now prevent a5.} Rxa4 51. Rd7 Bc5 52. Ne5 {Threatens to win with Rd8+.} Ra8 53. h4 Re8 54. f4 Be7 55. Kf3 Bf6 56. Ng4 Re6 57. h5 h6 58. Rb7 Bd4 59. Rd7 Bf6 $1 60. Nf2 Ra6 61. Ne4 Bb2 62. Nd6 Ra5 63. Rb7 Ba1 64. Kg4 Ra8 65. Nf5 Bf6 66. Ne3 Ra5 67. Nc4 Rd5 68. Ne3 (68. Rb8+ $16 Kf7 69. Ne3) 68... Rc5 (68... Ra5 $1 $11 {keeps the balance.}) 69. Nf5 Rd5 $2 {[%mdl 8192] [#]} (69... Kf8 $16 70. Nd6 Ra5) 70. Rxg7+ $3 $18 {[%mdl 576] Deflection} Bxg7 71. Ne7+ {[%mdl 64] Double Attack. White mates.} Kf7 72. Nxd5 {KB-KN} Ke6 73. Ne3 Bf8 74. Kf3 Kf6 75. g4 Bc5 76. Nf5 Bf8 77. Ke4 Ke6 78. g5 hxg5 79. fxg5 Ba3 80. Nd4+ Kf7 81. Kf5 Bb2 82. Ne6 Bc1 83. h6 {[%cal Bh5h6,Bh6h7][%mdl 32]} Ke7 84. h7 Bb2 85. Nf4 Kf8 86. Ng6+ {Accuracy: White = 59%, Black = 39%.} 1-0

[Event "25th Zadar Open 2018"]
[Site "Zadar"]
[Date "2018.12.16"]
[Round "3.5"]
[White "Rezan, Sasa"]
[Black "Djukic, Nikola"]
[Result "1/2-1/2"]
[WhiteElo "2421"]
[BlackElo "2574"]
[Annotator "TA"]
[PlyCount "112"]
[EventDate "2018.12.15"]
[EventType "swiss"]
[EventCountry "CRO"]
[SourceTitle "playchess.com"]
[Source "ChessBase"]
[SourceQuality "1"]

{[%evp 13,112,15,14,-15,-15,-15,-17,-17,-17,-9,-8,-17,-20,-22,-12,-18,-19,-4,-4,-4,-4,-5,-2,-2,10,11,12,4,3,9,50,50,50,50,52,51,65,65,65,66,65,65,65,56,56,56,58,58,58,58,65,58,72,56,56,56,56,56,56,44,60,56,60,35,35,16,16,16,16,16,447,447,447,447,447,447,447,447,447,447,447,447,447,447,447,447,447,447,447,447,447,447,447,0,447,0,447,0,447,0,447]} 1. d4 Nf6 2. c4 g6 3. Nc3 d5 4. Nf3 Bg7 5. e3 O-O 6. b4 c6 7. Bb2 Bg4 {LiveBook: 45 Games} 8. Rc1 {D94: Grünfeld: 4 Nf3 Bg7 5 e3} (8. h3 Bxf3 9. gxf3 Nbd7 10. f4 a5 11. b5 a4 12. Rc1 Qa5 13. Qd2 dxc4 14. bxc6 bxc6 15. Bxc4 c5 {½-½ (50) Kamsky,G (2763)-Gelfand,B (2773) Beijing 2013}) 8... Nbd7 9. cxd5 cxd5 10. Be2 $146 ({Predecessor:} 10. Na4 Ne4 11. Qb3 Bxf3 12. gxf3 Nef6 13. Nc5 b6 14. Na6 Rc8 15. Rxc8 Qxc8 16. Bb5 Nb8 17. Nxb8 Qxb8 18. O-O Rc8 19. Rc1 Rxc1+ 20. Bxc1 Qc8 21. Bd2 Bf8 {½-½ (21) Murdzia,P (2409)-Rosko,L (2358) Czechia 2015}) 10... Nb6 11. O-O Ne8 {[%cal Bf6e8,Be8d6,Bd6c4][%mdl 32]} 12. Qb3 Nd6 13. b5 ({Much worse is} 13. Nxd5 Be6 $17) 13... Ndc4 14. Rfd1 Qd6 15. h3 Bxf3 16. Bxf3 e6 17. e4 Nxb2 18. Qxb2 Bh6 19. Rc2 Rac8 20. exd5 exd5 21. a4 Nc4 22. Qa1 Nb6 23. Qa2 Qb4 $1 24. Nxd5 Nxd5 25. Rxc8 Rxc8 26. Qxd5 Rc1 27. Rxc1 Bxc1 28. g3 Bb2 29. Qxb7 {[#] Strongly threatening Bd5.} Qe1+ 30. Kg2 Bxd4 31. Qc8+ Kg7 32. Qc2 Qc3 33. Qxc3 (33. Qa2 {with more complications.} Qc5 34. Bb7 h5 35. h4 Qf5 36. Bc6) 33... Bxc3 $16 {[%mdl 4096] Endgame KB-KB} 34. Bd5 f5 35. f4 Kf6 36. h4 h6 {[%cal Bh7h6,Bh6g5,Bg5g4][%mdl 32]} 37. Bc6 g5 38. fxg5+ hxg5 39. h5 g4 $1 40. Bd7 Bd2 41. Kf2 f4 $2 {[%mdl 8192] [#]} (41... Kg5 $1 $11 {and Black stays safe.}) 42. gxf4 $18 Bxf4 43. Bxg4 Bc7 44. Ke3 Bb6+ 45. Ke4 Kg7 46. Kd5 Kh8 47. Kc6 Kg7 48. Kb7 Kh8 49. Ka6 Kg7 50. a5 Bf2 51. Kb7 Be3 52. Bf3 Kh6 53. Bg4 $2 ({Better is} 53. Bd1 $18 {Black must now prevent Kc6.} Bc5 54. Kc6) 53... Bf2 $2 {[%mdl 8192]} (53... Kg7 $1 $11 {and Black is okay.}) 54. Bf3 Be3 $1 55. Bg4 $2 ({White should play} 55. Kc6 $18 {Hoping for Be2.} Bf2 56. Bg4) 55... Bf2 $2 {[%mdl 8192]} (55... Kg7 $11 {and Black has nothing to worry.}) 56. Bf3 Be3 $1 {[%mdl 32768] Precision: White = 70%, Black = 64%. . An unexpected result.} 1/2-1/2

[Event "25th Zadar Open 2018"]
[Site "Zadar"]
[Date "2018.12.16"]
[Round "3.6"]
[White "Martinovic, Sasa"]
[Black "Ustianovich, Nazar"]
[Result "1-0"]
[WhiteElo "2554"]
[BlackElo "2383"]
[Annotator "TA"]
[PlyCount "123"]
[EventDate "2018.12.15"]
[EventType "swiss"]
[EventCountry "CRO"]
[SourceTitle "playchess.com"]
[Source "ChessBase"]
[SourceQuality "1"]

{[%evp 13,123,18,31,0,18,0,0,-17,-18,-9,12,25,31,-20,25,20,31,0,114,95,145,141,135,120,117,116,116,133,98,77,112,71,216,210,308,308,289,271,1070,117,112,119,120,114,120,120,114,112,108,111,158,125,201,184,196,204,183,165,236,160,158,138,129,124,202,187,235,227,310,306,320,321,318,318,310,310,282,281,260,260,577,574,659,638,610,605,596,372,556,554,480,476,451,449,595,590,562,533,29976,29977,29977,29978,29978,29979,29979,29980,29981,29982,29982,29983,29983,29984]} 1. d4 d5 2. c4 c6 3. Nc3 Nf6 4. e3 e6 5. Nf3 Nbd7 6. Qc2 Be7 7. Bd3 b6 {LiveBook: 16 Games. D45: Semi-Slav: 5 e3} (7... dxc4 8. Bxc4 b5 9. Bd3 Bb7 10. a3 a5 11. O-O Rc8 12. Rd1 O-O 13. Qe2 b4 14. Na4 c5 15. dxc5 Qc7 16. axb4 axb4 17. Bd2 Nxc5 18. Bxb4 Nxd3 19. Bxe7 Qxe7 20. Qxd3 Bxf3 21. gxf3 {½-½ (30) Yilmaz,M (2603)-Vallejo Pons,F (2700) Gjakova 2016}) 8. e4 dxe4 9. Nxe4 Bb7 {The position is equal.} 10. Bf4 Nxe4 11. Bxe4 Bb4+ $146 ({Predecessor:} 11... Nf6 12. O-O-O Nxe4 13. Qxe4 O-O 14. h4 Bf6 15. Ng5 {1-0 (26) Nordlund,J-Perho,A Pori 1996}) 12. Kf1 Nf6 13. Bd3 ({White should try} 13. c5 $14 bxc5 14. a3) 13... Be7 14. Rd1 Qc8 15. Ne5 h6 (15... O-O $11) 16. h4 $1 $16 Nd7 17. Rh3 $1 Nxe5 18. Bxe5 Bf6 19. Bxf6 gxf6 20. Rf3 Qd8 21. Qc3 Rg8 22. Qc1 Rg4 (22... f5 $16 {was worth a try.}) 23. Qxh6 $18 Qxd4 (23... f5 $142) 24. Rxf6 Rxh4 {[#]} 25. Rxe6+ $1 {[%mdl 512]} Kd7 $2 {[#]} (25... fxe6 26. Bg6+ {[%mdl 64] Discovered Attack} Ke7 27. Qg5+ Qf6 28. Rd7+ {[%mdl 64] Deflection} Kxd7 29. Qxf6 Rh1+ 30. Ke2 Rah8) 26. Rd6+ $2 (26. Bf5 $1 $18 {[%mdl 512] is more deadly. White threatens Qxh4 and mate.} Qxd1+ 27. Re1+ {[%mdl 64] Discovered Attack} Kc7 28. Qxh4 (28. Rxd1 Rxh6 29. Rd7+ Kb8 $17) 28... Qxe1+ 29. Kxe1 Re8+ 30. Kd2) 26... Kc7 $16 27. Rxd4 {Qd6+ would kill now.} Rxh6 28. Be4 {aiming for Rd7+.} Rh1+ 29. Ke2 Rxd1 30. Rxd1 {[%mdl 4096] Endgame KRB-KRB} Re8 31. Kf3 Re5 32. Kf4 Rc5 (32... Ra5 $16) 33. b3 $18 Bc8 34. g4 a5 35. Rd4 Be6 (35... b5 $142 36. Bd3 Bd7) 36. Bd3 b5 37. a4 bxa4 38. bxa4 f6 (38... Kb6 $16 39. f3 Kc7) 39. f3 Rg5 40. Ke3 Re5+ 41. Kd2 Bd7 {[#]} 42. Rf4 $1 Re6 43. Rf5 c5 44. Rxc5+ Kb6 45. Rf5 Bxa4 46. c5+ Kc7 $2 (46... Kc6 47. Kc3 Bb5 48. Be4+ Kd7) 47. Bc4 Rc6 48. f4 Kd8 49. Kc3 Ke7 50. Kd4 Bd1 (50... Rc7 {was necessary.} 51. g5 fxg5 52. fxg5 Be8) 51. g5 Bg4 52. Rd5 fxg5 53. Re5+ Kf6 54. fxg5+ Kg7 55. Bb5 Re6 56. Rxe6 {White mates.} Bxe6 {KB-KB} 57. Ke5 Bc8 58. c6 {[%cal Bc5c6,Bc6c7][%mdl 32]} Kg6 59. Kf4 Kg7 60. c7 Kf7 61. Bd3 a4 62. Bf5 {Accuracy: White = 76%, Black = 42%.} 1-0